| 000 | 00894nam a22001937a 4500 | ||
|---|---|---|---|
| 005 | 20250120150906.0 | ||
| 010 | _aHIN-129186 | ||
| 020 |
_a9789390678815 _c499.00 |
||
| 035 | _aHN-101532 | ||
| 037 | _bDBAD | ||
| 082 | _a824 | ||
| 100 |
_aशेष नारायण सिंह _976775 |
||
| 245 |
_aशेष जी: _bराजनीतिक व वैचारिक लेखों का संकलन/ _cशेष नारायण सिंह |
||
| 250 | _aप्रथम | ||
| 260 |
_aनई दिल्ली _bवाणी प्रकाशन _c2021 |
||
| 270 |
_a4695,21-ए, दरियागंज, _bनई दिल्ली _e110002 _k911123273167 _kmarketing@vaniprakashan.in _ksales@vaniprakashan.in |
||
| 300 |
_a296 पृ. _c21 सेमी (सजिल्द) |
||
| 942 |
_2ddc _cHN _h824 _mशेषना |
||
| 999 |
_c208159 _d208159 |
||